[Event "Titled Tuesday intern op 02nd Apr Late"]
[Site "Chess.com INT"]
[Date "2024.04.02"]
[Round "1"]
[White "Bremner, Adam"]
[Black "Paravyan, David"]
[Result "1/2-1/2"]
[WhiteElo "2190"]
[BlackElo "2606"]
[PlyCount "99"]
[EventDate "2024.04.02"]
[EventType "swiss (blitz)"]
[EventRounds "11"]
[EventCountry "USA"]
[SourceTitle "CB15_2024"]
[SourceDate "2024.04.10"]
[SourceVersion "1"]
[SourceVersionDate "2024.04.10"]
[SourceQuality "1"]

1. c4 e5 2. g3 c6 3. d4 e4 4. Nc3 d5 5. Bg2 Bb4 6. Qb3 Na6 7. cxd5 cxd5 8. a3 Bxc3+ 9. Qxc3 Nf6 10. Bg5 0-0 11. Nh3 h6 12. Bxf6 Qxf6 13. Nf4 Qd6 14. Qb3 Nc7 15. e3 Bd7 16. 0-0 Bc6 17. Rfc1 Rfe8 18. Rc5 Ne6 19. Nxe6 fxe6 20. Rac1 Rf8 21. Bf1 Rf7 22. Bb5 Bxb5 23. Qxb5 Raf8 24. R1c2 Kh7 25. Rc8 Rxf2 26. Rxf2 Rxc8 27. Qxb7 Rc7 28. Qb5 e5 29. Qe8 exd4 30. Rf8 Rc1+ 31. Kg2 Rc2+ 32. Kg1 Rc1+ 33. Kg2 Rc2+ 34. Kh3 Qxf8 35. Qxf8 dxe3 36. Qf5+ Kh8 37. Qxd5 e2 38. Qxe4 Rxb2 39. a4 Ra2 40. Kg4 Rxa4 41. Qxa4 e1Q 42. Qxa7 Qe6+ 43. Kf3 Qh3 44. Qb8+ Kh7 45. Qb1+ Kg8 46. Qb8+ Kh7 47. Qb1+ Kg8 48. Qb8+ Kf7 49. Qc7+ Kg8 50. Qb8+ 1/2-1/2

[Event "BCF-chT 2122 (4NCL)"]
[Site "England"]
[Date "2022.02.13"]
[Round "4.131"]
[White "Okike, David"]
[Black "Bremner, Adam"]
[Result "0-1"]
[WhiteElo "2167"]
[BlackElo "2171"]
[PlyCount "122"]
[EventDate "2021.11.27"]
[EventType "team-swiss"]
[EventRounds "11"]
[EventCountry "ENG"]
[SourceTitle "EXT 2023"]
[Source "ChessBase"]
[SourceDate "2022.10.05"]
[SourceVersion "1"]
[SourceVersionDate "2022.10.05"]
[SourceQuality "1"]
[WhiteTeam "Kings Head"]
[BlackTeam "The Sharks II"]
[WhiteTeamCountry "ENG"]
[BlackTeamCountry "ENG"]

1. e4 e5 2. Nf3 Nf6 3. Nxe5 d6 4. Nf3 Nxe4 5. d3 Nf6 6. d4 d5 7. Bd3 Bd6 8. h3 h6 9. Qe2+ Qe7 10. Be3 Nc6 11. c3 Bd7 12. a4 0-0 13. 0-0 Ne4 14. Nfd2 f5 15. Nxe4 dxe4 16. Bc4+ Kh8 17. f4 Nd8 18. Nd2 c6 19. Bb3 Be6 20. Bc2 c5 21. Nc4 cxd4 22. Bxd4 Nc6 23. Be3 Bc5 24. Nd2 Rac8 25. a5 a6 26. Qf2 Bd6 27. Rfd1 Rfd8 28. Nf1 Bc7 29. Bb6 Rxd1 30. Bxd1 Rd8 31. Be2 Bxb6 32. Qxb6 Rd6 33. Qe3 Qc7 34. b4 Ne7 35. Rc1 Nd5 36. Qd2 Rc6 37. b5 axb5 38. Bxb5 Rxc3 39. Rxc3 Nxc3 40. Be8 Nd5 41. g3 Qc5+ 42. Kg2 e3 43. Qd3 Qc1 44. Bh5 Qe1 45. Qe2 Qxa5 46. Nxe3 Nxe3+ 47. Qxe3 Qa2+ 48. Kg1 b5 49. Bg6 Qa1+ 50. Kf2 Qf6 51. Bh5 b4 52. Bd1 b3 53. g4 fxg4 54. hxg4 b2 55. Bc2 Qh4+ 56. Ke2 Qxg4+ 57. Kd2 Bf5 58. Qe8+ Kh7 59. Bb3 Qg2+ 60. Kc3 b1N+ 61. Kd4 Qb2+ 0-1

[Event "Titled Tuesday intern op 01st Feb-B"]
[Site "Chess.com INT"]
[Date "2022.02.02"]
[Round "4"]
[White "Bremner, Adam"]
[Black "Kosteniuk, Alexandra"]
[Result "0-1"]
[WhiteElo "2171"]
[BlackElo "2516"]
[PlyCount "84"]
[EventDate "2022.02.02"]
[EventType "swiss (blitz)"]
[EventRounds "11"]
[EventCountry "USA"]
[SourceTitle "CBM 206 Extra"]
[Source "ChessBase"]
[SourceDate "2022.03.31"]
[SourceVersion "1"]
[SourceVersionDate "2022.03.31"]
[SourceQuality "1"]

1. d4 Nf6 2. Nf3 b6 3. g3 Bb7 4. Bg2 e6 5. 0-0 Be7 6. c4 0-0 7. Nc3 Ne4 8. Nd2 Nxc3 9. bxc3 Bxg2 10. Kxg2 f5 11. e3 Nc6 12. a4 Qc8 13. Ba3 Bxa3 14. Rxa3 Qa6 15. Qb3 Na5 16. Qb5 Qb7+ 17. f3 c6 18. Qb4 c5 19. dxc5 Rfc8 20. cxb6 Qxb6 21. Qxb6 axb6 22. Rb1 Rc6 23. Rb4 Kf7 24. Kf2 Ke7 25. Ke2 Kd6 26. e4 Rac8 27. f4 Kc7 28. e5 Kb7 29. Kd3 Ka6 30. Ra2 d6 31. exd6 Rxd6+ 32. Ke2 Rc5 33. Rb5 Rdc6 34. Rab2 Nxc4 35. Rxc5 Rxc5 36. Nxc4 Rxc4 37. Kd3 Re4 38. Rb4 Re1 39. Rd4 g6 40. Rd6 Rd1+ 41. Kc4 Rxd6 42. a5 bxa5 0-1

[Event "Titled Tuesday intern op 01st Feb-B"]
[Site "Chess.com INT"]
[Date "2022.02.02"]
[Round "5"]
[White "Pakleza, Zbigniew"]
[Black "Bremner, Adam"]
[Result "1-0"]
[WhiteElo "2498"]
[BlackElo "2171"]
[PlyCount "81"]
[EventDate "2022.02.02"]
[EventType "swiss (blitz)"]
[EventRounds "11"]
[EventCountry "USA"]
[SourceTitle "CBM 206 Extra"]
[Source "ChessBase"]
[SourceDate "2022.03.31"]
[SourceVersion "1"]
[SourceVersionDate "2022.03.31"]
[SourceQuality "1"]

1. d4 d5 2. Bf4 e6 3. e3 Bd6 4. Bg3 Nf6 5. Nd2 0-0 6. Ngf3 c5 7. c3 Nc6 8. Bd3 Qe7 9. Ne5 Nd7 10. Nxd7 Qxd7 11. Qh5 g6 12. Qh6 e5 13. Nf3 f6 14. dxe5 Nxe5 15. Nxe5 Bxe5 16. 0-0-0 Qg7 17. Qh4 Be6 18. f4 Bc7 19. f5 g5 20. Qg4 Bxg3 21. hxg3 Bf7 22. Qf3 Rfd8 23. Kb1 Kf8 24. g4 Rac8 25. Rhe1 Bg8 26. e4 Qf7 27. e5 fxe5 28. Rxe5 d4 29. c4 b5 30. b3 Rb8 31. cxb5 Qf6 32. Rde1 Re8 33. Qe4 Rxe5 34. Qxe5 Qxe5 35. Rxe5 Re8 36. Rxc5 Re3 37. Rc8+ Kg7 38. Kc2 Bd5 39. Rd8 Bxg2 40. Rxd4 Rg3 41. Rd7+ 1-0

[Event "EU-chT 23rd"]
[Site "Terme Catez"]
[Date "2021.11.21"]
[Round "9.2"]
[White "Bremner, Adam"]
[Black "Nyysti, Sampsa"]
[Result "0-1"]
[WhiteElo "2204"]
[BlackElo "2325"]
[PlyCount "82"]
[EventDate "2021.11.12"]
[EventType "team-swiss"]
[EventRounds "9"]
[EventCountry "SLO"]
[SourceTitle "CBM 205"]
[Source "ChessBase"]
[SourceDate "2021.12.31"]
[SourceVersion "1"]
[SourceVersionDate "2021.12.31"]
[SourceQuality "1"]
[WhiteTeam "Scotland"]
[BlackTeam "Finland"]
[WhiteTeamCountry "SCO"]
[BlackTeamCountry "FIN"]

1. e4 c5 2. Nc3 e6 3. Nge2 a6 4. g3 b5 5. Bg2 Bb7 6. 0-0 Nc6 7. f4 Qb6 8. d3 h5 9. h3 Nge7 10. f5 exf5 11. Nd5 Nxd5 12. exd5 Ne7 13. c4 g6 14. Bg5 f6 15. Be3 bxc4 16. dxc4 Bh6 17. Nf4 Kf7 18. b4 Rae8 19. bxc5 Qd8 20. Rb1 Ba8 21. Rb6 Nc8 22. Rxa6 Rxe3 23. Rxa8 Qc7 24. d6 Qxc5 25. Qd5+ Qxd5 26. Bxd5+ Kg7 27. c5 Rxg3+ 28. Kh2 Rc3 29. c6 Bxf4+ 30. Rxf4 dxc6 31. Bxc6 Rxc6 32. d7 Rd8 33. dxc8Q Rdxc8 34. Ra7+ R8c7 35. Ra8 Rc2+ 36. Kg1 R7c3 37. h4 Rg3+ 38. Kh1 Rg4 39. Rxg4 hxg4 40. a4 Ra2 41. a5 f4 0-1

[Event "EU-chT 23rd"]
[Site "Terme Catez"]
[Date "2021.11.19"]
[Round "7.2"]
[White "Nikolovski, Nikola"]
[Black "Bremner, Adam"]
[Result "1/2-1/2"]
[WhiteElo "2401"]
[BlackElo "2204"]
[PlyCount "89"]
[EventDate "2021.11.12"]
[EventType "team-swiss"]
[EventRounds "9"]
[EventCountry "SLO"]
[SourceTitle "CBM 205"]
[Source "ChessBase"]
[SourceDate "2021.12.31"]
[SourceVersion "1"]
[SourceVersionDate "2021.12.31"]
[SourceQuality "1"]
[WhiteTeam "North Macedonia"]
[BlackTeam "Scotland"]
[WhiteTeamCountry "MKD"]
[BlackTeamCountry "SCO"]

1. e4 c6 2. d4 d5 3. exd5 cxd5 4. Bd3 Nc6 5. c3 Qc7 6. Ne2 Bg4 7. 0-0 e6 8. Qe1 Bd6 9. f3 Bh5 10. Qh4 Bg6 11. Bxg6 fxg6 12. Bf4 Nge7 13. Bxd6 Qxd6 14. f4 Nf5 15. Qh3 Qd7 16. Nd2 Nd8 17. Nc1 Nf7 18. Nd3 0-0 19. Nc5 Qc8 20. Rae1 Re8 21. g4 N5d6 22. Qe3 b6 23. Nxe6 Nd8 24. f5 gxf5 25. gxf5 Nxe6 26. fxe6 Ne4 27. Nxe4 Rxe6 28. Qf3 dxe4 29. Rxe4 Rg6+ 30. Kh1 Rf6 31. Rf4 Rxf4 32. Qd5+ Kh8 33. Rxf4 h6 34. Rf7 Qe8 35. Qf3 Qe1+ 36. Qf1 Qe4+ 37. Qg2 Qe1+ 38. Rf1 Qe8 39. Rf7 Qxf7 40. Qxa8+ Kh7 41. Qe4+ Kh8 42. Qe2 Qxa2 43. c4 a5 44. Qe8+ Kh7 45. Qe4+ 1/2-1/2

[Event "EU-chT 23rd"]
[Site "Terme Catez"]
[Date "2021.11.18"]
[Round "6.2"]
[White "Bremner, Adam"]
[Black "Pleasants, Allan J"]
[Result "1/2-1/2"]
[WhiteElo "2204"]
[BlackElo "2001"]
[PlyCount "117"]
[EventDate "2021.11.12"]
[EventType "team-swiss"]
[EventRounds "9"]
[EventCountry "SLO"]
[SourceTitle "CBM 205"]
[Source "ChessBase"]
[SourceDate "2021.12.31"]
[SourceVersion "1"]
[SourceVersionDate "2021.12.31"]
[SourceQuality "1"]
[WhiteTeam "Scotland"]
[BlackTeam "Wales"]
[WhiteTeamCountry "SCO"]
[BlackTeamCountry "WLS"]

1. d4 g6 2. c4 Bg7 3. Nc3 d6 4. e4 Nf6 5. Nf3 0-0 6. Be2 c6 7. 0-0 Nbd7 8. Qc2 Qc7 9. h3 e5 10. d5 c5 11. a3 Qd8 12. b4 Nh5 13. g3 h6 14. Kh2 Nhf6 15. Be3 Ne8 16. Nh4 b6 17. Bd3 Ndf6 18. Rg1 Nh7 19. Kg2 Kh8 20. Rh1 Nef6 21. Rab1 Ng8 22. Qd2 Bd7 23. Nb5 Qe7 24. a4 h5 25. Nf3 f5 26. Nh4 Rf6 27. exf5 gxf5 28. Bg5 Nxg5 29. Qxg5 Qf7 30. Be2 Be8 31. Qd2 Bh6 32. f4 Qe7 33. Bd3 exf4 34. gxf4 Bd7 35. Rbe1 Qf7 36. Kh2 a6 37. Nc7 Ra7 38. Ne6 Bxe6 39. dxe6 Rxe6 40. Nxf5 Rf6 41. Nxh6 Nxh6 42. Rhf1 Re7 43. Rxe7 Qxe7 44. bxc5 dxc5 45. Bc2 Rd6 46. Qg2 Qe3 47. Rf2 Rd8 48. Rf3 Qd2 49. Rf2 Qe3 50. Qg3 Qxg3+ 51. Kxg3 Kg7 52. Kh4 Kf6 53. Rg2 Nf5+ 54. Bxf5 Kxf5 55. Rg5+ Kxf4 56. Rg6 Rb8 57. Rc6 a5 58. Re6 Rb7 59. Kxh5 1/2-1/2

[Event "EU-chT 23rd"]
[Site "Terme Catez"]
[Date "2021.11.13"]
[Round "2.19"]
[White "Bremner, Adam"]
[Black "Draskovic, Luka"]
[Result "0-1"]
[WhiteElo "2204"]
[BlackElo "2469"]
[PlyCount "114"]
[EventDate "2021.11.12"]
[EventType "team-swiss"]
[EventRounds "9"]
[EventCountry "SLO"]
[SourceTitle "CBM 205"]
[Source "ChessBase"]
[SourceDate "2021.12.31"]
[SourceVersion "1"]
[SourceVersionDate "2021.12.31"]
[SourceQuality "1"]
[WhiteTeam "Scotland"]
[BlackTeam "Montenegro"]
[WhiteTeamCountry "SCO"]
[BlackTeamCountry "MNE"]

1. d4 Nf6 2. g3 d5 3. Nf3 Bf5 4. Bg2 e6 5. 0-0 Be7 6. c4 0-0 7. Qb3 Nc6 8. Qxb7 Na5 9. Qa6 Nxc4 10. b3 Nb6 11. Ne5 Bd6 12. Ba3 Qc8 13. Qxc8 Rfxc8 14. Nc6 Kf8 15. Bb2 Nbd7 16. Na3 Nb8 17. Rfc1 Nxc6 18. Rxc6 Rcb8 19. Ra6 Bb4 20. Rc6 Bd6 21. Ra6 Ke8 22. Bf1 Kd7 23. Rc1 Rb6 24. e3 c6 25. Nb1 Ne8 26. Rxb6 axb6 27. a4 Nc7 28. Nc3 Na6 29. Na2 Nb4 30. Nxb4 Bxb4 31. Bc3 Bxc3 32. Rxc3 Kd6 33. Bd3 Bxd3 34. Rxd3 f6 35. Rd2 e5 36. Kg2 c5 37. dxc5+ bxc5 38. e4 d4 39. Ra2 Kc6 40. Kf3 Kb6 41. Rc2 Rd8 42. Rc1 Rb8 43. Ke2 Kc6 44. Rb1 Rb4 45. Kd2 c4 46. Rc1 Kc5 47. bxc4 Rxa4 48. Rc2 Ra3 49. Rb2 Kxc4 50. Rc2+ Rc3 51. Rb2 d3 52. Rb7 Rc2+ 53. Ke1 Re2+ 54. Kd1 Rxf2 55. Rxg7 Kd4 56. Rxh7 Ke3 57. Ke1 d2+ 0-1

[Event "BCF-chT2b 1920 (4NCL)"]
[Site "Daventry"]
[Date "2020.03.01"]
[Round "2.51"]
[White "Bremner, Adam"]
[Black "Zakarian, David"]
[Result "1/2-1/2"]
[WhiteElo "2148"]
[BlackElo "2337"]
[PlyCount "47"]
[EventDate "2020.01.11"]
[EventType "team-tourn"]
[EventRounds "11"]
[EventCountry "ENG"]
[SourceTitle "CBM 195 Extra"]
[Source "ChessBase"]
[SourceDate "2020.05.31"]
[SourceVersion "1"]
[SourceVersionDate "2020.05.31"]
[SourceQuality "1"]
[WhiteTeam "Grantham Sharks II"]
[BlackTeam "Oxford"]
[WhiteTeamCountry "ENG"]
[BlackTeamCountry "ENG"]

1. c4 Nf6 2. Nc3 e6 3. e4 e5 4. g3 Bc5 5. Bg2 d6 6. h3 Nc6 7. Nge2 0-0 8. d3 a6 9. 0-0 Nd4 10. Kh1 Ne8 11. Nxd4 Bxd4 12. Ne2 c5 13. Rb1 b5 14. Nxd4 cxd4 15. f4 bxc4 16. dxc4 Be6 17. b3 Rb8 18. Qc2 f6 19. f5 Bd7 20. Bd2 Bc6 21. Rfc1 Rf7 22. Bf1 Bb7 23. Bd3 Rc8 24. Qd1 1/2-1/2

[Event "Andorra op 37th"]
[Site "Escaldes"]
[Date "2019.07.28"]
[Round "2"]
[White "Arizmendi Martinez, Julen Luis"]
[Black "Bremner, Adam"]
[Result "1-0"]
[WhiteElo "2512"]
[BlackElo "2191"]
[PlyCount "61"]
[EventDate "2019.07.27"]
[EventType "swiss"]
[EventRounds "9"]
[EventCountry "AND"]
[SourceTitle "CBM 191 Extra"]
[Source "ChessBase"]
[SourceDate "2019.09.30"]
[SourceVersion "1"]
[SourceVersionDate "2019.09.30"]
[SourceQuality "1"]

1. d4 Nf6 2. c4 e6 3. Nf3 d5 4. Nc3 a6 5. c5 b6 6. cxb6 cxb6 7. Bf4 Bd6 8. e3 0-0 9. Bd3 Bb7 10. 0-0 Nc6 11. Rc1 Ne7 12. Na4 Ne4 13. Qb3 Bc6 14. Bxe4 dxe4 15. Bxd6 Qxd6 16. Nd2 Rab8 17. Nc3 f5 18. Nc4 Qd8 19. Ne5 Bd5 20. Nxd5 exd5 21. g3 Qd6 22. Rc3 Rfc8 23. Rfc1 g5 24. Qa4 b5 25. Qd1 Rxc3 26. Rxc3 g4 27. Qc1 Qe6 28. Nc6 Ra8 29. Nxe7+ Qxe7 30. Rc7 Qb4 31. Qc6 1-0

[Event "SCO-ch 126th"]
[Site "Edinburgh"]
[Date "2019.07.12"]
[Round "7"]
[White "Bremner, Adam"]
[Black "Gourlay, Iain"]
[Result "1/2-1/2"]
[WhiteElo "2191"]
[BlackElo "2365"]
[PlyCount "94"]
[EventDate "2019.07.06"]
[EventType "swiss"]
[EventRounds "9"]
[EventCountry "SCO"]
[SourceTitle "CBM 191 Extra"]
[Source "ChessBase"]
[SourceDate "2019.09.30"]
[SourceVersion "1"]
[SourceVersionDate "2019.09.30"]
[SourceQuality "1"]

1. d4 d5 2. c4 e6 3. Nc3 a6 4. cxd5 exd5 5. Nf3 Nf6 6. Bg5 Be6 7. e3 Nbd7 8. Bd3 h6 9. Bh4 g5 10. Bg3 Nh5 11. Be5 Ng7 12. Bg3 Nh5 13. Be5 Nxe5 14. Nxe5 Nf6 15. 0-0 Bd6 16. f4 Qe7 17. Qa4+ c6 18. Nxc6 bxc6 19. Qxc6+ Kf8 20. Qxa8+ Kg7 21. Qc6 Bd7 22. Nxd5 Qe6 23. Bf5 Bxc6 24. Bxe6 Nxd5 25. Bxd5 Bxd5 26. fxg5 hxg5 27. Rf5 Be4 28. Rxg5+ Kf6 29. Ra5 Rxh2 30. Rf1+ Ke7 31. Rf2 Rh6 32. Rxa6 Bh2+ 33. Kh1 Bd6+ 34. Kg1 Bh2+ 35. Kh1 Rxa6 36. Kxh2 Rxa2 37. g4 Ke6 38. Kg3 Bg6 39. Kf4 Kd5 40. Rh2 Ra6 41. Rh8 Rf6+ 42. Kg5 Rb6 43. Re8 Rxb2 44. Kf6 Rf2+ 45. Kg7 Rg2 46. Re5+ Kd6 47. g5 Rg3 1/2-1/2

[Event "BCF-chT2 1819 (4NCL) Demotion"]
[Site "England"]
[Date "2019.05.05"]
[Round "10.65"]
[White "Bremner, Adam"]
[Black "Brooks, Phil J"]
[Result "1/2-1/2"]
[WhiteElo "2184"]
[BlackElo "2187"]
[PlyCount "88"]
[EventDate "2018.11.10"]
[EventType "team-tourn"]
[EventRounds "11"]
[EventCountry "ENG"]
[SourceTitle "EXT 2021"]
[Source "ChessBase"]
[SourceDate "2020.10.23"]
[SourceVersion "1"]
[SourceVersionDate "2020.10.23"]
[SourceQuality "1"]
[WhiteTeam "Grantham Sharks II"]
[BlackTeam "Warwicks Select"]
[WhiteTeamCountry "ENG"]
[BlackTeamCountry "ENG"]

1. d4 e6 2. c4 d5 3. Nf3 Nf6 4. Bg5 Be7 5. e3 h6 6. Bxf6 Bxf6 7. Nc3 0-0 8. Rc1 c6 9. h4 Nd7 10. g4 Be7 11. cxd5 exd5 12. Bd3 g6 13. g5 h5 14. Qc2 Kg7 15. Nh2 Re8 16. f4 Nf8 17. 0-0 f5 18. Nf3 Be6 19. Na4 Nd7 20. a3 a5 21. Rb1 Bd6 22. b4 axb4 23. axb4 Qe7 24. Nc5 Reb8 25. Ra1 Nb6 26. Qc3 Kg8 27. Rxa8 Rxa8 28. Ra1 Bc8 29. Kf2 Rxa1 30. Qxa1 Nc4 31. Bxc4 dxc4 32. Qa8 Qc7 33. Ne5 Bxe5 34. fxe5 Kf7 35. Qa2 b5 36. Ke1 Qb8 37. Qa5 Ke7 38. Kd2 Be6 39. Qa6 Bd5 40. Kc3 Ke8 41. Qa5 Ke7 42. Qa6 Ke8 43. Qa5 Ke7 44. Qa6 Ke8 1/2-1/2